000
00296nam a22001217a 4500
020
_a
969-8162-02-X
082
_a
891.4211 JAV'P
100
_a
JAVEID, INAMUL HAQ
_9
66917
245
_a
PAKISTAN IN PUNJABI LITERATURE
260
_a
ISLAMABAD
_b
MAKABA-I-FANOOS
_c
1993
300
_a
120P
942
_c
BK
999
_c
574780
_d
574780